| Tag |
First Indicator |
Second Indicator |
Subfields |
| LEADER |
00000cam a2200000 a 4500 |
| 001 |
in00000443921 |
| 005 |
20151012074326.0 |
| 008 |
850827s1986 enk b 00110 eng |
| 010 |
|
|
|a 85022333
|
| 020 |
|
|
|a 052132064X
|
| 035 |
|
|
|a (OCoLC)12549173
|
| 035 |
|
|
|9 ABX2039AM
|
| 040 |
|
|
|a DLC
|c DLC
|d OCL
|d TXA
|d UtOrBLW
|
| 043 |
|
|
|a a-ii---
|
| 049 |
|
|
|a TXAM
|c [A09651504]
|
| 050 |
0 |
0 |
|a DS485.M349
|b W56 1986
|
| 082 |
0 |
|
|a 954.03
|2 19
|
| 100 |
1 |
|
|a Wink, André.
|
| 245 |
1 |
0 |
|a Land and sovereignty in India :
|b agrarian society and politics under the eighteenth-century Maratha svarajya /
|c Andre Wink.
|
| 264 |
|
1 |
|a Cambridge [Cambridgeshire] ;
|a New York :
|b Cambridge University Press,
|c 1986.
|
| 300 |
|
|
|a xviii, 417 pages ;
|c 23 cm.
|
| 336 |
|
|
|a text
|b txt
|2 rdacontent
|
| 337 |
|
|
|a unmediated
|b n
|2 rdamedia
|
| 338 |
|
|
|a volume
|b nc
|2 rdacarrier
|
| 490 |
1 |
|
|a University of Cambridge oriental publications ;
|v no. 36
|
| 500 |
|
|
|a Includes index.
|
| 504 |
|
|
|a Bibliography: pages 391-409.
|
| 650 |
|
0 |
|a Maratha (Indic people)
|x Politics and government.
|
| 650 |
|
0 |
|a Land tenure
|z India
|x History.
|
| 651 |
|
0 |
|a India
|x History
|y 18th century.
|
| 830 |
|
0 |
|a University of Cambridge oriental publications ;
|v no. 36.
|
| 999 |
|
|
|a MARS
|
| 999 |
f |
f |
|s a6173958-0567-33b5-8758-bea67071d0f0
|i f8e9bff0-72ec-317d-aff9-058be660199f
|t 0
|
| 952 |
f |
f |
|p ric
|a Texas A&M University
|b Rellis Campus
|c Joint Library Facility
|d Remote Storage
|t 0
|e DS485.M349 W56 1986
|h Library of Congress classification
|i unmediated -- volume
|m A14809651504
|
| 998 |
f |
f |
|a DS485.M349 W56 1986
|t 0
|l Remote Storage
|